000 00218nam a22000977a 4500
003 OSt
008 210118b ||||| |||| 00| 0 eng d
100 _aVarkey, Ponkunnam
_91741
245 _aSwargam nanikkunnu
942 _cBK
999 _c16657
_d16657